Échelle de mots alphabétique *** - Statistiques

Statistiques générales
  • Ce quiz a été pris 563 fois
    523 depuis la dernière actualisation
  • Le résultat moyen est 54 sur 106
Statistiques - réponses
Indice Réponse Déviation % Correct
Expression, méli ___ (transition) _mélo
70%
Parent féminin (transition) _mère
[+1 lettre]
70%
Joyeuse Gaie
67%
Arrêt ferroviaire Gare
67%
Franchie lors d'un 110 mètres Haie
67%
A une idole Fan
[-1 lettre]
66%
Breton si il contient des pruneaux Far
66%
Fruit d'été, en entrée ou en dessert (transition) _melon
[+1 lettre]
66%
35ème élément, symbole Br Brome
65%
Département qui porte le numéro 30 Gard
65%
Maquillage, poudre Fard
[+1 lettre]
64%
Père de SpaceX Elon
[-1 lettre]
63%
Pas le meilleur Pire
63%
Exprimer, oraliser Dire
62%
Gâteau à la consistance bien particulière Flan
62%
Cabane pour canidé Niche
62%
Ville célèbre pour sa Tour Pise
62%
Os qui s'articule sur la colonne vertébrale Côte
[-1 lettre]
61%
Animal proche du cerf Élan
61%
Longue période Ère
[-1 lettre]
61%
Ami, camarade Pote
[+1 lettre]
59%
De maille au Moyen-Âge Cotte
58%
Impôt réclamé par le clergé Dîme
58%
Ville des Alpes-Maritimes Nice
[-1 lettre]
58%
Fête l'union, souvent suivie d'un voyage Noce
58%
Réveillé, debout Levé
[-1 lettre]
57%
On y dépose des baisers Lèvre
[-1 lettre]
57%
Mesure le poids Pèse
[-1 lettre]
57%
Matière du tronc (transition) _bois
[+1 lettre]
56%
Demi-sphère, souvent construit pour couvrir Dôme
56%
Petit mammifère à grandes oreilles Lièvre
[+1 lettre]
56%
Chamboule, met le bazar (transition) _mêle
56%
Désigne le troisième (transition) _ter
56%
Saoul, empli Ivre
[+1 lettre]
55%
Écrin de nos histoires Livre
[+1 lettre]
55%
Réfléchit Pense
55%
Légume rose et blanc Radis
[+1 lettre]
55%
Déterminant démonstratif Cette
54%
Déteste, insulte Hais
54%
Rigole d'autrui Moque
[+1 lettre]
54%
Fruit de mer Moule
[+1 lettre]
54%
Ingurgite, avale Mange
53%
Achetée dans une boulangerie (pain) Miche
53%
Personnage joué par un acteur Rôle
53%
Pronom inclusif Iel
52%
Utilisé pour changer bébé Lange
52%
Enlève Ôte
[-1 lettre]
52%
Habitat du troupeau Pré
[-1 lettre]
52%
Implore, demande Prie
[+1 lettre]
52%
Soirée populaire (transition) _bal
51%
Colère Ire
[-1 lettre]
51%
Enveloppe rigide protectrice Coque
50%
Fournit, munit Dote
50%
Ancien nom de l'Irlande Eire
50%
Eau qui a subit une solidification Gel
50%
Pièce derrière la scène Loge
50%
Religieuse dans la nature Mante
50%
Infusion sud-américaine Maté
[-1 lettre]
50%
Donne de la saveur Arôme
49%
Unité de rapport, souvent préfixé de Déci- (transition) _bel
49%
Grimace Moue
[-1 lettre]
49%
Son pur à une fréquence précise Note
49%
Expulsion d'un œuf Ponte
[+1 lettre]
49%
Grognement, soupir Râle
49%
Poisson caché dans le sable Sole
49%
Désigne le deuxième (transition) _bis
[-1 lettre]
48%
Domaine scientifique fondamental Math
48%
Unité d'Avogadro Tous les mots restants sont des transitions Mole
47%
Mbits, Gbits, Tbits, ___ Pbits
47%
Unités de stockage informatique (transition) _bits
[-1 lettre]
46%
Marche tout près, suit Longe
[+1 lettre]
46%
Centimes anglais Pence
46%
Adverbe exprimant la succession Puis
46%
Party / Plante à racine comestible Rave
[-1 lettre]
46%
Dynastie Rois
46%
On y plonge (transition) _bain
45%
Cousine d'un légume violet, sucré et utilisé comme carburant Bette
45%
Chanteuse française, Makeba Jain
45%
Bien emmitouflé dans sa couverture Lové
45%
Rabattu sur lui-même Plié
45%
Streameur français / Polit une surface Ponce
45%
Viré, destitué Radié
45%
Satisfaite Ravie
45%
Semblable, du même acabit (transition) _tel
45%
Unité de vitesse Mach
44%
Salade européenne Mâche
[+1 lettre]
44%
Légumineuse Pois
44%
Feuille d'acier ou d'aluminium Tôle
44%
Ramassés à la belote Plis
43%
Ouvrage offrant l'accès à une nappe phréatique Puits
[+1 lettre]
43%
Action de lancer (transition) _tir
43%
Qui n'arrive qu'une seule fois Unique
[-1 lettre]
43%
[anglicisme] Interdit l'accès ou l'utilisation (transition) _ban
[-1 lettre]
42%
Chef suprême dans certains pays arabes Raïs
42%
Propulse, envoie (transition) _tire
[+1 lettre]
42%
Lignite d'un noir luisant caractéristique Jais
39%
Borne reliant le bateau au quai Bitte
36%
Chemise longue Tunique
34%
Brique universelle Atome
32%
Unités de stockage quantique Qbits
30%
Regorgeant d'énergie Tonique
30%
En forme de cornet Conique
[+1 lettre]
29%
Mollusque Conque
[+1 lettre]
28%
Étendue homogène, à la surface terrestre Biome
25%
La faune et la flore (intestinale par exemple) Biote
25%
Exprimé dans un alphabet ancestral Runique
25%
Aucun quiz correspondant
Distribution des résultats
% des personnes avec chaque résultat
Percentile par nombre de réponses
Votre historique - résultats
Vous n’avez pas pris ce quiz depuis la dernière actualisation